FRBR :a guide for the perplexed(E-BOOK) (Record no. 193063)

000 -LEADER
fixed length control field 01092 a2200325 4500
003 - CONTROL NUMBER IDENTIFIER
control field Nust
005 - DATE AND TIME OF LATEST TRANSACTION
control field 20170207154050.0
010 ## - LIBRARY OF CONGRESS CONTROL NUMBER
LC control number 2007027845
020 ## - INTERNATIONAL STANDARD BOOK NUMBER
International Standard Book Number 0-8389-0950-7 (pbk. : alk. paper)
020 ## - INTERNATIONAL STANDARD BOOK NUMBER
International Standard Book Number 978-0-8389-0950-8 (pbk. : alk. paper)
035 ## - SYSTEM CONTROL NUMBER
System control number (OCoLC)154309204
035 ## - SYSTEM CONTROL NUMBER
System control number (OCoLC)ocn154309204
040 ## - CATALOGING SOURCE
Transcribing agency Nust
082 00 - DEWEY DECIMAL CLASSIFICATION NUMBER
Classification number 025.3
100 1# - MAIN ENTRY--PERSONAL NAME
Personal name Maxwell, Robert L.,
245 10 - TITLE STATEMENT
Title FRBR :a guide for the perplexed(E-BOOK)
Statement of responsibility, etc. Robert L. Maxwell.
260 ## - PUBLICATION, DISTRIBUTION, ETC.
Place of publication, distribution, etc. Chicago :
Name of publisher, distributor, etc. American Library Association,
Date of publication, distribution, etc. 2008.
300 ## - PHYSICAL DESCRIPTION
Extent vii, 151 p. :
Other physical details ill. ;
Dimensions 23 cm.
500 ## - GENERAL NOTE
General note Includes bibliographic references and index.
505 0# - FORMATTED CONTENTS NOTE
Formatted contents note The entity-relationship model -- The FRBR entities -- Relationships -- User tasks -- The FRBR model and the existing MARC and AACR2-based cataloging model.
650 #7 - SUBJECT ADDED ENTRY--TOPICAL TERM
Topical term or geographic name entry element Bibliography as Topic.
650 #7 - SUBJECT ADDED ENTRY--TOPICAL TERM
Topical term or geographic name entry element Cataloging
650 #7 - SUBJECT ADDED ENTRY--TOPICAL TERM
Topical term or geographic name entry element Cataloging
General subdivision methods.
650 #7 - SUBJECT ADDED ENTRY--TOPICAL TERM
Topical term or geographic name entry element FRBR
650 #7 - SUBJECT ADDED ENTRY--TOPICAL TERM
Topical term or geographic name entry element FRBR (Conceptual model)
650 #7 - SUBJECT ADDED ENTRY--TOPICAL TERM
Topical term or geographic name entry element FRBR (Conceptual model)
650 #7 - SUBJECT ADDED ENTRY--TOPICAL TERM
Topical term or geographic name entry element Katalogisering
650 #7 - SUBJECT ADDED ENTRY--TOPICAL TERM
Topical term or geographic name entry element Models, Theoretical.
651 ## - SUBJECT ADDED ENTRY--GEOGRAPHIC NAME
Geographic name E-BOOK
942 ## - ADDED ENTRY ELEMENTS (KOHA)
Source of classification or shelving scheme
Koha item type Book
Holdings
Withdrawn status Lost status Source of classification or shelving scheme Damaged status Not for loan Collection code Permanent Location Current Location Date acquired Total Checkouts Full call number Barcode Date last seen Price effective from Koha item type
            Military College of Signals (MCS) Military College of Signals (MCS) 12/12/2016   025.3 MAX MCSEB-2841 12/08/2016 12/12/2016 Book
© 2023 Central Library, National University of Sciences and Technology. All Rights Reserved.